Vista normal
Vista MARC
Entrada Personal Name
Número de registros utilizados en: 1
001 - CONTROL NUMBER
- control field: 13614
003 - CONTROL NUMBER IDENTIFIER
- control field: DLC
005 - DATE AND TIME OF LATEST TRANSACTION
- control field: 20230117134501.0
008 - FIXED-LENGTH DATA ELEMENTS
- fixed length control field: 900926n| acannaab| |n aad |||
010 ## - LIBRARY OF CONGRESS CONTROL NUMBER
- LC control number: n 90697703
040 ## - CATALOGING SOURCE
- Original cataloging agency: DLC
- Transcribing agency: Mx-PuUPA
- Language of cataloging: spa
- Modifying agency: Mx-PuUPA
- Description conventions: rda
100 10 - HEADING--PERSONAL NAME
- Personal name: Etling, Arlen,
374 ## - OCCUPATION
- Occupation: Autor
375 ## - GENDER
- Gender: mujer
377 ## - ASSOCIATED LANGUAGE
- Language code: spa
670 ## - SOURCE DATA FOUND
- Source citation: nuc90-59829: Author's Preparing community-based educators, 1979
- Information found: (hdg. on DNAL rept.: Etling, Arlen; usage: Arlen Etling)